000 01464cam a2200325 a 4500
005 20080104121344.0
008 061003s2006 ii a b 001 0deng
010 _aENG-95524
020 _a9780198062813
_c345.00
020 _a0198062818
_c345.00
035 _aEN-79057
037 _bDBAD/PUB
040 _aDPL
082 _a809.933585
100 _aBharucha, Rustom,
_d1953-
245 _aAnother Asia :
_bRabindranath Tagore and Okakura Tenshin /
_cRustom Bharucha.
260 _aNew Delhi :
_bOxford University Press,
_c2009
300 _axxiv, 236 p. :
_bill. ;
_c23 cm.(Pbk)
500 _aIncludes bibliographical references and index.
520 _aOn the works and friendship between Rabindranath Tagore, 1861-1941, Bengali and English author and Kakuzō Okakura, 1862-1913, Japanese author with special reference to the depiction of Asia, nationalism, and civilization in their works.
600 _aTagore, Rabindranath,
_d1861-1941
_xCriticism and interpretation.
600 _aOkakura, Kakuzō,
_d1862-1913
_xCriticism and interpretation.
650 _aNationalism in literature.
650 _aCivilization in literature.
651 _aAsia
_xIn literature.
700 _aTenshin, Okakura
942 _2ddc
_cEN
_mBHA
_h809.933585
999 _c31982
_d31982